000 00718cam a22002412 4500
001 0000012632
005 20151217152110.0
008 090227s xx 000 0 eng d
020 _a0538073500
040 _aKABU
_cKABU
050 0 _aHF1008
_b.E94 1990
100 1 _aEverard, Kenneth E.
_@0000116907
245 1 0 _aBusiness principles and management /
_cKenneth E. Everard, Jim Burrow.
250 _a9th ed.
260 _aCincinnati, Ohio :
_bSouth-Western,
_c1990.
300 _ax, 514 p.
650 0 _aBusiness.
_@0000149956
650 0 _aManagement.
_@0000083920
700 1 _aBurrow, Jim.
_@0000116908
852 1 _9p500 KES
908 _a090227
950 _@1
999 _c8252
_d8252